[Event "Mittelrhein Regionalliga 1920"]
[Site "Mittelrhein"]
[Date "2020.02.16"]
[Round "6.2"]
[White "Schulte Lentz, Christian"]
[Black "Bien, Stefan"]
[Result "1/2-1/2"]
[WhiteElo "2082"]
[BlackElo "2044"]
[PlyCount "129"]
[EventDate "2019.09.29"]
[EventType "team-tourn"]
[EventRounds "9"]
[EventCountry "GER"]
[SourceTitle "EXT 2023"]
[Source "ChessBase"]
[SourceDate "2022.10.05"]
[SourceVersion "1"]
[SourceVersionDate "2022.10.05"]
[SourceQuality "1"]
[WhiteTeam "Langenfeld II"]
[BlackTeam "Koeln Ford SF"]
[WhiteTeamCountry "GER"]
[BlackTeamCountry "GER"]

1. d4 c6 2. c4 d5 3. Nf3 Nf6 4. Nc3 g6 5. g3 Bg7 6. Bg2 0-0 7. 0-0 Nbd7 8. Ne5 dxc4 9. Nxc4 Nb6 10. b3 Nfd5 11. Nxd5 cxd5 12. Ne3 Be6 13. a4 a6 14. Ba3 Nc8 15. Rc1 Na7 16. Rc5 b6 17. Rc3 Qd7 18. Qd3 Qb7 19. Rfc1 Rfc8 20. Rxc8+ Rxc8 21. Rxc8+ Nxc8 22. Qc3 Na7 23. h3 h5 24. Kh2 Bf6 25. Nc2 Bf5 26. Nb4 e6 27. Nd3 Bxd3 28. Qxd3 Nc8 29. e4 Be7 30. Bc1 Nd6 31. exd5 exd5 32. Bf4 Nf5 33. Be5 f6 34. Bf4 Kf7 35. Bf1 a5 36. Bg2 Qc6 37. Bf3 Ng7 38. Qb5 Qxb5 39. axb5 Ke6 40. Bc7 Ne8 41. Bxb6 Nd6 42. Bxa5 Nxb5 43. Bb6 Bd6 44. Kg2 Bb4 45. Be2 Nd6 46. Bd3 f5 47. g4 hxg4 48. hxg4 Bd2 49. Kf3 Bg5 50. b4 Bd2 51. b5 Ne4 52. gxf5+ gxf5 53. Ba7 Bc3 54. Ke3 Nd6 55. Bc5 Ba5 56. b6 Kd7 57. Kf4 Kc6 58. Bxf5 Nc4 59. Be6 Nxb6 60. Ke5 Nc4+ 61. Kf6 Bd2 62. Kf5 Nd6+ 63. Bxd6 Kxd6 64. f4 Be3 65. Bxd5 1/2-1/2

[Event "Mittelrhein Regionalliga 1920"]
[Site "Mittelrhein"]
[Date "2019.11.17"]
[Round "3.2"]
[White "Schulte Lentz, Christian"]
[Black "Riemland, Arnold"]
[Result "0-1"]
[WhiteElo "2082"]
[BlackElo "2141"]
[PlyCount "80"]
[EventDate "2019.09.29"]
[EventType "team-tourn"]
[EventRounds "9"]
[EventCountry "GER"]
[SourceTitle "EXT 2023"]
[Source "ChessBase"]
[SourceDate "2022.10.05"]
[SourceVersion "1"]
[SourceVersionDate "2022.10.05"]
[SourceQuality "1"]
[WhiteTeam "Langenfeld II"]
[BlackTeam "Kalker/Deutzer SG"]
[WhiteTeamCountry "GER"]
[BlackTeamCountry "GER"]

1. d4 d5 2. c4 e6 3. Nc3 Nf6 4. cxd5 exd5 5. Bg5 Be7 6. e3 0-0 7. Bd3 h6 8. Bh4 b6 9. Nge2 Bb7 10. f3 c5 11. 0-0 Re8 12. Bf2 Nc6 13. Rc1 cxd4 14. exd4 Bd6 15. a3 Nh5 16. Bb1 Nf4 17. Qc2 g6 18. Nxf4 Bxf4 19. Rce1 Qd7 20. b4 Ne7 21. Ne2 Bd6 22. Qd3 Rac8 23. h4 h5 24. Ng3 Bxg3 25. Bxg3 Nf5 26. Bf2 Rxe1 27. Rxe1 Re8 28. Rxe8+ Qxe8 29. g4 hxg4 30. fxg4 Nd6 31. Qf3 Qe6 32. Kg2 Ba6 33. Bg3 Be2 34. Qf4 Nc4 35. g5 Nxa3 36. Ba2 Nc2 37. Qe5 Qxe5 38. Bxe5 Nxb4 39. Bb1 a5 40. Kf2 Bd3 0-1

[Event "Mittelrhein Verbandsliga-N 18/19"]
[Site "Nordrheinwestfalen"]
[Date "2019.05.05"]
[Round "10.2"]
[White "Schulte Lentz, Christian"]
[Black "Spiekermann, Thomas"]
[Result "1-0"]
[WhiteElo "2081"]
[BlackElo "1968"]
[PlyCount "51"]
[EventDate "2018.09.02"]
[EventType "team-tourn"]
[EventRounds "12"]
[EventCountry "GER"]
[SourceTitle "EXT 2022"]
[Source "ChessBase"]
[SourceDate "2021.10.06"]
[SourceVersion "1"]
[SourceVersionDate "2021.10.06"]
[SourceQuality "1"]
[WhiteTeam "Langenfeld II"]
[BlackTeam "Dormagen SV"]
[WhiteTeamCountry "GER"]
[BlackTeamCountry "GER"]

1. d4 d5 2. Nf3 Nc6 3. Bf4 Bf5 4. e3 e6 5. Bd3 Nf6 6. 0-0 Ne4 7. c4 Bd6 8. Bxd6 Nxd6 9. Bxf5 Nxf5 10. cxd5 exd5 11. Nc3 0-0 12. Qb3 Nfe7 13. Rfc1 Qd7 14. Ne2 Rfc8 15. Nf4 Na5 16. Qc3 Qb5 17. Qc5 Qxc5 18. Rxc5 b6 19. Nxd5 bxc5 20. Nxe7+ Kf8 21. Nxc8 cxd4 22. Nxd4 Rxc8 23. Rc1 c5 24. Kf1 Nb7 25. Nb5 a6 26. Na3 1-0

[Event "Mittelrhein Verbandsliga-N 18/19"]
[Site "Nordrheinwestfalen"]
[Date "2018.11.18"]
[Round "4.3"]
[White "Esser, Michael"]
[Black "Schulte Lentz, Christian"]
[Result "0-1"]
[WhiteElo "2040"]
[BlackElo "2081"]
[PlyCount "72"]
[EventDate "2018.09.02"]
[EventType "team-tourn"]
[EventRounds "12"]
[EventCountry "GER"]
[SourceTitle "EXT 2022"]
[Source "ChessBase"]
[SourceDate "2021.10.06"]
[SourceVersion "1"]
[SourceVersionDate "2021.10.06"]
[SourceQuality "1"]
[WhiteTeam "Leverkusen SC Bayer"]
[BlackTeam "Langenfeld II"]
[WhiteTeamCountry "GER"]
[BlackTeamCountry "GER"]

1. e4 e5 2. f4 exf4 3. Nf3 d6 4. d4 g5 5. h4 g4 6. Ng1 Bh6 7. Nc3 c6 8. Qe2 Qe7 9. Bd2 Nf6 10. 0-0-0 Nh5 11. Qd3 b5 12. Nge2 Na6 13. Nxb5 Rb8 14. Na3 Nb4 15. Qb3 d5 16. exd5 0-0 17. d6 Qxd6 18. Nc4 Qe7 19. a3 Na6 20. Qa4 Qb7 21. b3 c5 22. Qa5 Be6 23. Nc3 Ng3 24. d5 Nxh1 25. dxe6 Nf2 26. e7 Rfe8 27. Nd6 Qc6 28. Nxe8 Nxd1 29. Bb5 Qe6 30. Nxd1 f3 31. Qd8 Bxd2+ 32. Kxd2 fxg2 33. Nf6+ Kg7 34. e8Q Rxd8+ 35. Qxd8 Qxf6 36. Bxa6 Qxd8+ 0-1

[Event "Mittelrhein Verbandsliga-N 18/19"]
[Site "Nordrheinwestfalen"]
[Date "2018.09.30"]
[Round "2.2"]
[White "Schulte Lentz, Christian"]
[Black "Woltering, Franz"]
[Result "1-0"]
[WhiteElo "2081"]
[BlackElo "1980"]
[PlyCount "73"]
[EventDate "2018.09.02"]
[EventType "team-tourn"]
[EventRounds "12"]
[EventCountry "GER"]
[SourceTitle "EXT 2022"]
[Source "ChessBase"]
[SourceDate "2021.10.06"]
[SourceVersion "1"]
[SourceVersionDate "2021.10.06"]
[SourceQuality "1"]
[WhiteTeam "Langenfeld II"]
[BlackTeam "Baumberg"]
[WhiteTeamCountry "GER"]
[BlackTeamCountry "GER"]

1. d4 Nf6 2. c4 e6 3. Nc3 c5 4. d5 exd5 5. cxd5 d6 6. e4 g6 7. Nge2 Bg7 8. Ng3 0-0 9. Be2 a6 10. a4 Nbd7 11. 0-0 b6 12. Bg5 h6 13. Be3 Qe7 14. Qd2 Kh7 15. Rab1 Ng8 16. b4 Ne5 17. h3 Qh4 18. Nh1 f5 19. f4 Nf7 20. bxc5 bxc5 21. e5 dxe5 22. Bxc5 Rd8 23. Rb6 exf4 24. d6 Be6 25. Nd5 Bxd5 26. Qxd5 Ne5 27. Rb7 Rac8 28. Qxe5 Nf6 29. Bf2 Nd7 30. Qxg7+ Kxg7 31. Bxh4 g5 32. Be1 Kf6 33. Ba5 Re8 34. Rxd7 Rxe2 35. Ra7 Rcc2 36. Nf2 g4 37. d7 1-0

[Event "Mittelrhein Verbandsliga-N 17/18"]
[Site "Nordrheinwestfalen"]
[Date "2018.05.06"]
[Round "11.3"]
[White "Schulte Lentz, Christian"]
[Black "Gerdell, Frank"]
[Result "1-0"]
[WhiteElo "2109"]
[BlackElo "2025"]
[PlyCount "137"]
[EventDate "2017.09.10"]
[EventType "team-swiss"]
[EventRounds "11"]
[EventCountry "GER"]
[SourceTitle "EXT 2022"]
[Source "ChessBase"]
[SourceDate "2021.10.06"]
[SourceVersion "1"]
[SourceVersionDate "2021.10.06"]
[SourceQuality "1"]
[WhiteTeam "Langenfeld II"]
[BlackTeam "Gruenfeld"]
[WhiteTeamCountry "GER"]
[BlackTeamCountry "GER"]

1. e4 c5 2. Nf3 Nc6 3. d4 cxd4 4. Nxd4 g6 5. Nc3 Bg7 6. Be3 Nf6 7. Bc4 Qa5 8. 0-0 0-0 9. Bb3 d6 10. h3 Qh5 11. Qxh5 Nxh5 12. Rad1 Nf6 13. Rfe1 Bd7 14. Nd5 Nxd5 15. exd5 Nxd4 16. Bxd4 Rfe8 17. Bxg7 Kxg7 18. g4 Rac8 19. Rd4 f5 20. Kg2 Kf6 21. Kg3 h5 22. gxh5 Rh8 23. hxg6 Rcg8 24. h4 Rxg6+ 25. Kf3 Rhg8 26. Rc4 e5 27. dxe6 Bc6+ 28. Ke3 d5 29. Rd4 Kxe6 30. c4 Kd6 31. cxd5 Bd7 32. h5 Re8+ 33. Kd2 Rxe1 34. Kxe1 Rg1+ 35. Kd2 Rh1 36. Bd1 Rh2 37. Ke3 Ke5 38. Bf3 Rh3 39. Rb4 b5 40. Rb3 Be8 41. Ke2 f4 42. Rb4 Bxh5 43. Bxh5 Rxh5 44. Rxb5 Kd6 45. Ra5 Rh3 46. Rxa7 Kxd5 47. Rc7 Kd4 48. Rc1 f3+ 49. Kd2 Rh2 50. Rf1 Rg2 51. b3 Rh2 52. a4 Rg2 53. a5 Rg5 54. b4 Re5 55. Re1 Rd5 56. Kc2 Kc4 57. Re4+ Kb5 58. Rf4 Re5 59. Kc3 Re1 60. Rxf3 Rc1+ 61. Kb2 Rc4 62. Ka3 Rc1 63. Rf5+ Ka6 64. Rf6+ Kb7 65. Ka4 Rh1 66. a6+ Ka7 67. Ka5 Rh5+ 68. b5 Rh7 69. b6+ 1-0

[Event "Mittelrhein Verbandsliga-N 17/18"]
[Site "Nordrheinwestfalen"]
[Date "2018.01.14"]
[Round "6.4"]
[White "Kocur, Beata"]
[Black "Schulte Lentz, Christian"]
[Result "1/2-1/2"]
[WhiteElo "1759"]
[BlackElo "2109"]
[PlyCount "97"]
[EventDate "2017.09.10"]
[EventType "team-swiss"]
[EventRounds "11"]
[EventCountry "GER"]
[SourceTitle "EXT 2022"]
[Source "ChessBase"]
[SourceDate "2021.10.06"]
[SourceVersion "1"]
[SourceVersionDate "2021.10.06"]
[SourceQuality "1"]
[WhiteTeam "Hitdorf SV Springer"]
[BlackTeam "Langenfeld II"]
[WhiteTeamCountry "GER"]
[BlackTeamCountry "GER"]

1. e4 c5 2. Nf3 e6 3. d4 cxd4 4. Nxd4 a6 5. Nc3 Qc7 6. Be2 Nf6 7. a3 Nc6 8. Nb3 b5 9. 0-0 Bb7 10. Be3 d6 11. f4 Be7 12. Qe1 0-0 13. Qf2 Nd7 14. Rac1 Rac8 15. Nd1 Na5 16. Nxa5 Qxa5 17. Bf3 b4 18. axb4 Qxb4 19. c3 Qb3 20. Qc2 Qxc2 21. Rxc2 Rc4 22. Nf2 Ra4 23. Rd2 Rc8 24. g4 Nc5 25. Bd1 Ra1 26. Bxc5 Rxc5 27. Be2 Rca5 28. Rdd1 Rxd1 29. Rxd1 g6 30. Kg2 Ra2 31. Rd2 d5 32. exd5 Bxd5+ 33. Bf3 Bc4 34. Ne4 Kg7 35. g5 Bd5 36. Nf2 Ba3 37. Bxd5 exd5 38. Nd1 a5 39. Kf3 a4 40. Ke2 Bxb2 41. Nxb2 a3 42. Nc4 Ra1 43. Nxa3 Rxa3 44. Kd3 Ra4 45. Ke3 Rc4 46. Rxd5 Rxc3+ 47. Kf2 h6 48. Kg2 hxg5 49. fxg5 1/2-1/2

[Event "Mittelrhein Verbandsliga-M 16/17"]
[Site "Nordrheinwestfalen"]
[Date "2017.04.09"]
[Round "10.4"]
[White "Vitz, Hans Joachim"]
[Black "Schulte Lentz, Christian"]
[Result "0-1"]
[WhiteElo "1699"]
[BlackElo "2091"]
[PlyCount "38"]
[EventDate "2016.09.11"]
[EventType "team-tourn"]
[EventRounds "11"]
[EventCountry "GER"]
[SourceTitle "EXT 2022"]
[Source "ChessBase"]
[SourceDate "2021.10.06"]
[SourceVersion "1"]
[SourceVersionDate "2021.10.06"]
[SourceQuality "1"]
[WhiteTeam "Niederkassel III"]
[BlackTeam "Langenfeld II"]
[WhiteTeamCountry "GER"]
[BlackTeamCountry "GER"]

1. c4 c5 2. g3 Nc6 3. Bg2 Nf6 4. Nf3 g6 5. Nc3 Bg7 6. 0-0 0-0 7. d4 cxd4 8. Nxd4 Qa5 9. Nxc6 dxc6 10. Qb3 Qh5 11. f3 Qc5+ 12. Kh1 Be6 13. Nd1 Qxc4 14. Qxb7 Nd5 15. Ne3 Qxe2 16. Nxd5 Bxd5 17. Qb4 Rab8 18. Qc5 Bxb2 19. Rb1 Bd4 0-1

[Event "Mittelrhein Verbandsliga-M 15/16"]
[Site "Nordrheinwestfalen"]
[Date "2016.03.13"]
[Round "9.4"]
[White "Schulte Lentz, Christian"]
[Black "Freckmann, Sascha"]
[Result "1/2-1/2"]
[WhiteElo "2105"]
[BlackElo "1775"]
[PlyCount "48"]
[EventDate "2015.09.06"]
[EventType "team-tourn"]
[EventRounds "11"]
[EventCountry "GER"]
[SourceTitle "EXT 2022"]
[Source "ChessBase"]
[SourceDate "2021.10.06"]
[SourceVersion "1"]
[SourceVersionDate "2021.10.06"]
[SourceQuality "1"]
[WhiteTeam "Langenfeld II"]
[BlackTeam "Gruenfeld"]
[WhiteTeamCountry "GER"]
[BlackTeamCountry "GER"]

1. d4 Nf6 2. c4 e6 3. Nf3 d5 4. Nc3 c6 5. g3 Nbd7 6. Bg2 Bb4 7. 0-0 0-0 8. Qb3 Be7 9. Rd1 b6 10. Bg5 Ba6 11. cxd5 cxd5 12. Ne5 Nxe5 13. dxe5 Nd7 14. Bxe7 Qxe7 15. e4 d4 16. Rxd4 Nxe5 17. Rad1 Rad8 18. Qa4 Rxd4 19. Qxd4 Nc6 20. Qa4 Bb7 21. Nb5 e5 22. Bf1 a6 23. Nd6 b5 24. Nf5 Qc5 1/2-1/2

[Event "Mittelrhein Verbandsliga-M 15/16"]
[Site "Nordrheinwestfalen"]
[Date "2015.12.13"]
[Round "5.4"]
[White "Schulte Lentz, Christian"]
[Black "Eilers, Jochen"]
[Result "0-1"]
[WhiteElo "2105"]
[BlackElo "1956"]
[PlyCount "68"]
[EventDate "2015.09.06"]
[EventType "team-tourn"]
[EventRounds "11"]
[EventCountry "GER"]
[SourceTitle "EXT 2022"]
[Source "ChessBase"]
[SourceDate "2021.10.06"]
[SourceVersion "1"]
[SourceVersionDate "2021.10.06"]
[SourceQuality "1"]
[WhiteTeam "Langenfeld II"]
[BlackTeam "Bergische SF"]
[WhiteTeamCountry "GER"]
[BlackTeamCountry "GER"]

1. d4 Nf6 2. c4 c5 3. d5 b5 4. cxb5 a6 5. f3 d6 6. e4 g6 7. Be3 Bg7 8. Nd2 0-0 9. bxa6 Qa5 10. a3 Bxa6 11. Bxa6 Nxa6 12. Ne2 Nd7 13. Rb1 Rfb8 14. Qc2 Nc7 15. 0-0 Qa4 16. Qxa4 Rxa4 17. f4 Nb5 18. Kf2 f5 19. exf5 Nf6 20. Rfc1 Nxd5 21. fxg6 hxg6 22. Rc4 Raa8 23. g4 Nxe3 24. Kxe3 Nd4 25. Nc3 Ra7 26. Kd3 Rab7 27. b4 Ne6 28. Nd5 Nd8 29. f5 Nc6 30. Nf3 Ra8 31. Rb3 Na5 32. Rcc3 c4+ 33. Ke4 cxb3 34. Rd3 b2 0-1

[Event "Mittelrhein Verbandsliga-M 15/16"]
[Site "Nordrheinwestfalen"]
[Date "2015.09.27"]
[Round "2.2"]
[White "Zotkin, Alexander"]
[Black "Schulte Lentz, Christian"]
[Result "0-1"]
[WhiteElo "1828"]
[BlackElo "2105"]
[PlyCount "96"]
[EventDate "2015.09.06"]
[EventType "team-tourn"]
[EventRounds "11"]
[EventCountry "GER"]
[SourceTitle "EXT 2022"]
[Source "ChessBase"]
[SourceDate "2021.10.06"]
[SourceVersion "1"]
[SourceVersionDate "2021.10.06"]
[SourceQuality "1"]
[WhiteTeam "Koeln Longerich"]
[BlackTeam "Langenfeld II"]
[WhiteTeamCountry "GER"]
[BlackTeamCountry "GER"]

1. e4 e5 2. Nf3 Nc6 3. Bb5 Nge7 4. c3 g6 5. d3 Bg7 6. Bg5 0-0 7. Qd2 d5 8. exd5 Qxd5 9. Bc4 Qd6 10. 0-0 Na5 11. Na3 Bg4 12. Qe2 h6 13. Be3 a6 14. Rad1 b5 15. Bb3 Nxb3 16. axb3 Rfe8 17. Nc2 Nd5 18. h3 Nf4 19. Bxf4 exf4 20. Qd2 Bxf3 21. gxf3 Re5 22. Kh2 Rh5 23. Rg1 Qc6 24. Ne1 Re8 25. d4 Qe6 26. Rg4 Qe2 27. Qxe2 Rxe2 28. Nd3 Rf5 29. Kg2 h5 30. Rxf4 Rxf4 31. Nxf4 Rxb2 32. b4 Rb3 33. Ne2 Ra3 34. f4 Bf8 35. Rb1 Bd6 36. Kf3 f5 37. Ke3 Kf7 38. Kd3 c6 39. Kc2 Ra2+ 40. Kd3 Kf6 41. Rg1 Ra3 42. Rb1 a5 43. bxa5 Rxa5 44. Rf1 Ra3 45. Rb1 b4 46. Kc4 Ra2 47. Nc1 Rc2 48. d5 Rxc3+ 0-1

[Event "Mittelrhein Verbandsliga Ost 1415"]
[Site "Mittelrhein"]
[Date "2015.02.22"]
[Round "8.3"]
[White "Schulte Lentz, Christian"]
[Black "Weigant, Wladimir"]
[Result "1-0"]
[WhiteElo "1995"]
[BlackElo "2193"]
[PlyCount "115"]
[EventDate "2014.09.07"]
[EventType "team-tourn"]
[EventRounds "11"]
[EventCountry "GER"]
[SourceTitle "EXT 2023"]
[Source "ChessBase"]
[SourceDate "2022.10.05"]
[SourceVersion "1"]
[SourceVersionDate "2022.10.05"]
[SourceQuality "1"]
[WhiteTeam "Langenfeld II"]
[BlackTeam "Bonn Stadtverwaltung"]
[WhiteTeamCountry "GER"]
[BlackTeamCountry "GER"]

1. d4 Nf6 2. c4 Nc6 3. Nf3 d6 4. Nc3 Bg4 5. d5 Bxf3 6. gxf3 Ne5 7. f4 Ned7 8. e4 g6 9. Qa4 e5 10. dxe6 fxe6 11. Be2 Bg7 12. Be3 0-0 13. 0-0-0 Qe7 14. h4 Nh5 15. Bxh5 gxh5 16. Qb5 a6 17. Qxh5 b5 18. Rhg1 Kh8 19. e5 dxe5 20. fxe5 Rf5 21. Bg5 Qf7 22. Qxf7 Rxf7 23. cxb5 Nxe5 24. bxa6 Nf3 25. Rg4 Nxg5 26. hxg5 Rxa6 27. Rd8+ Rf8 28. Rxf8+ Bxf8 29. Rc4 Bd6 30. Kc2 Kg7 31. Nb5 Kg6 32. Nxc7 Bxc7 33. Rxc7 Rxa2 34. Re7 Kxg5 35. Rxh7 Kf6 36. Kc3 Ke5 37. Rd7 Kf4 38. b4 e5 39. Rf7+ Ke4 40. Kc4 Rc2+ 41. Kb5 Kd3 42. f3 Ke3 43. Rf5 Kd4 44. Kb6 Rc4 45. b5 Kd5 46. Kb7 Ke6 47. Rf8 Rc3 48. f4 e4 49. b6 e3 50. Ka8 Kd5 51. Re8 Kd4 52. b7 Ra3+ 53. Kb8 Kd3 54. Kc7 Rc3+ 55. Kd6 Rb3 56. b8Q Rxb8 57. Rxb8 Ke4 58. Rb4+ 1-0

[Event "Mittelrhein Verbandsliga Ost 1415"]
[Site "Mittelrhein"]
[Date "2015.02.01"]
[Round "7.2"]
[White "Thalwitzer, David"]
[Black "Schulte Lentz, Christian"]
[Result "1/2-1/2"]
[WhiteElo "2035"]
[BlackElo "1995"]
[PlyCount "47"]
[EventDate "2014.09.07"]
[EventType "team-tourn"]
[EventRounds "11"]
[EventCountry "GER"]
[SourceTitle "EXT 2023"]
[Source "ChessBase"]
[SourceDate "2022.10.05"]
[SourceVersion "1"]
[SourceVersionDate "2022.10.05"]
[SourceQuality "1"]
[WhiteTeam "Koeln Porz III"]
[BlackTeam "Langenfeld II"]
[WhiteTeamCountry "GER"]
[BlackTeamCountry "GER"]

1. e4 e5 2. Nf3 Nc6 3. Bb5 Bc5 4. c3 f5 5. exf5 e4 6. Nd4 Nf6 7. Nc2 Ne5 8. 0-0 Nfg4 9. Ne3 Qh4 10. h3 Nxe3 11. fxe3 0-0 12. Kh1 d5 13. d4 exd3 14. Bxd3 Bd6 15. Bc2 Qg3 16. Qxd5+ Kh8 17. Nd2 Ng4 18. Nf3 Nf2+ 19. Rxf2 Qxf2 20. Bd2 Bd7 21. e4 Bc6 22. Qd4 Qg3 23. Be1 Qf4 24. Bd2 1/2-1/2

[Event "Mittelrhein Verbandsliga Ost 1415"]
[Site "Mittelrhein"]
[Date "2015.01.11"]
[Round "6.2"]
[White "Schulte Lentz, Christian"]
[Black "Kuehlwetter, Gerd"]
[Result "1-0"]
[WhiteElo "1995"]
[BlackElo "1943"]
[PlyCount "83"]
[EventDate "2014.09.07"]
[EventType "team-tourn"]
[EventRounds "11"]
[EventCountry "GER"]
[SourceTitle "EXT 2023"]
[Source "ChessBase"]
[SourceDate "2022.10.05"]
[SourceVersion "1"]
[SourceVersionDate "2022.10.05"]
[SourceQuality "1"]
[WhiteTeam "Langenfeld II"]
[BlackTeam "Fritzdorf"]
[WhiteTeamCountry "GER"]
[BlackTeamCountry "GER"]

1. e4 g6 2. d4 Bg7 3. Nc3 d6 4. Bc4 Nf6 5. Qe2 e5 6. dxe5 dxe5 7. Nf3 Nbd7 8. Bg5 c6 9. 0-0 0-0 10. Rad1 Qc7 11. a4 a6 12. h3 b5 13. axb5 axb5 14. Bd3 Nc5 15. Qe3 Ne6 16. Ne2 Nh5 17. Bh6 Nef4 18. Bxg7 Kxg7 19. Nxf4 Nxf4 20. Qc5 f6 21. Bxb5 Bxh3 22. Qxc6 Qxc6 23. Bxc6 Bxg2 24. Bxa8 Rxa8 25. Ne1 Bxf1 26. Kxf1 g5 27. b4 h5 28. b5 h4 29. b6 Rb8 30. Rd6 Kf7 31. c4 Ke7 32. c5 Ne6 33. Rd5 Nf4 34. Rd2 Ne6 35. Nd3 Nd4 36. Nb4 Ke8 37. Nd5 h3 38. Nxf6+ Kf7 39. Ng4 Ke6 40. Rd3 Rc8 41. Rc3 Nb5 42. Rxh3 1-0

[Event "Mittelrhein Verbandsliga Ost 1415"]
[Site "Mittelrhein"]
[Date "2014.09.07"]
[Round "1.3"]
[White "Schulte Lentz, Christian"]
[Black "Hemmert, Burghard"]
[Result "1-0"]
[WhiteElo "1995"]
[BlackElo "1988"]
[PlyCount "53"]
[EventDate "2014.09.07"]
[EventType "team-tourn"]
[EventRounds "11"]
[EventCountry "GER"]
[SourceTitle "EXT 2023"]
[Source "ChessBase"]
[SourceDate "2022.10.05"]
[SourceVersion "1"]
[SourceVersionDate "2022.10.05"]
[SourceQuality "1"]
[WhiteTeam "Langenfeld II"]
[BlackTeam "Siebengebirge"]
[WhiteTeamCountry "GER"]
[BlackTeamCountry "GER"]

1. d4 d5 2. Nf3 Nf6 3. c4 e6 4. Nc3 Nbd7 5. Bf4 c6 6. e3 Be7 7. Qc2 0-0 8. Bd3 dxc4 9. Bxc4 Nd5 10. Bg3 N7f6 11. e4 Nxc3 12. bxc3 Nh5 13. Ne5 Nxg3 14. hxg3 c5 15. Rd1 cxd4 16. cxd4 Qa5+ 17. Kf1 Qc7 18. Qe2 g6 19. Bb3 Bf6 20. Ng4 Bg7 21. e5 Qe7 22. Qe3 Bd7 23. Qf4 f5 24. exf6 Bxf6 25. d5 exd5 26. Rxd5 Kg7 27. Rxh7+ 1-0

[Event "Mittelrhein Regionalliga 1314"]
[Site "Mittelrhein"]
[Date "2013.10.13"]
[Round "2.4"]
[White "Gikas, Andreas Basilius"]
[Black "Schulte Lentz, Christian"]
[Result "1/2-1/2"]
[WhiteElo "2102"]
[BlackElo "2029"]
[PlyCount "50"]
[EventDate "2013.09.15"]
[EventType "team-tourn"]
[EventRounds "11"]
[EventCountry "GER"]
[SourceTitle "EXT 2023"]
[Source "ChessBase"]
[SourceDate "2022.10.05"]
[SourceVersion "1"]
[SourceVersionDate "2022.10.05"]
[SourceQuality "1"]
[WhiteTeam "Bonn Beuel"]
[BlackTeam "Langenfeld II"]
[WhiteTeamCountry "GER"]
[BlackTeamCountry "GER"]

1. e4 c5 2. Nf3 e6 3. d4 cxd4 4. Nxd4 Nf6 5. Nc3 Nc6 6. Ndb5 Bb4 7. a3 Bxc3+ 8. Nxc3 d5 9. exd5 exd5 10. Bd3 0-0 11. 0-0 d4 12. Ne2 Bg4 13. Bg5 h6 14. Bh4 Re8 15. Qd2 Bxe2 16. Bxf6 Qxf6 17. Bxe2 Rad8 18. Bd3 Ne5 19. Rfe1 Qb6 20. b3 Qd6 21. h3 Re6 22. Re4 Nxd3 23. Qxd3 Rxe4 24. Qxe4 b6 25. Qd3 Qe7 1/2-1/2

[Event "Mittelrhein-chT 1112"]
[Site "Germany"]
[Date "2012.05.06"]
[Round "12.4"]
[White "Schulz, Wilhelm"]
[Black "Schulte Lentz, Christian"]
[Result "1/2-1/2"]
[WhiteElo "2027"]
[BlackElo "2068"]
[PlyCount "45"]
[EventDate "2011.09.11"]
[EventType "team-tourn"]
[EventRounds "13"]
[EventCountry "GER"]
[SourceTitle "EXT 2013"]
[Source "ChessBase"]
[SourceDate "2012.11.22"]
[SourceVersion "1"]
[SourceVersionDate "2012.11.22"]
[SourceQuality "1"]
[WhiteTeam "Horrem"]
[BlackTeam "Langenfeld II"]
[WhiteTeamCountry "GER"]
[BlackTeamCountry "GER"]

1. e4 c5 2. c3 Nf6 3. e5 Nd5 4. d4 cxd4 5. Nf3 Nc6 6. cxd4 d6 7. Bc4 dxe5 8. dxe5 Ndb4 9. Qe2 Bf5 10. Na3 Bd3 11. Bxd3 Qxd3 12. Bd2 e6 13. Bc3 a6 14. Qxd3 Nxd3+ 15. Ke2 Nf4+ 16. Ke3 Nd5+ 17. Kd2 b5 18. Nc2 g6 19. Ncd4 Bh6+ 20. Kc2 Rc8 21. Nxc6 Rxc6 22. Kb3 0-0 23. Bd2 1/2-1/2

[Event "Mittelrhein-chT 1112"]
[Site "Germany"]
[Date "2012.04.15"]
[Round "11.4"]
[White "Schulte Lentz, Christian"]
[Black "Romaker, Johann"]
[Result "1-0"]
[WhiteElo "2068"]
[BlackElo "1967"]
[PlyCount "91"]
[EventDate "2011.09.11"]
[EventType "team-tourn"]
[EventRounds "13"]
[EventCountry "GER"]
[SourceTitle "EXT 2013"]
[Source "ChessBase"]
[SourceDate "2012.11.22"]
[SourceVersion "1"]
[SourceVersionDate "2012.11.22"]
[SourceQuality "1"]
[WhiteTeam "Langenfeld II"]
[BlackTeam "Bruehl II"]
[WhiteTeamCountry "GER"]
[BlackTeamCountry "GER"]

1. d4 b6 2. c4 Bb7 3. Nf3 e6 4. e3 Nf6 5. Bd3 d5 6. 0-0 Bd6 7. Nc3 0-0 8. b3 Nbd7 9. Bb2 Re8 10. Nb5 Bf8 11. Ne5 Nxe5 12. dxe5 Nd7 13. cxd5 Nc5 14. Bc2 exd5 15. f4 Ba6 16. Rf3 g6 17. Nd4 Bb7 18. b4 Ne6 19. Ba4 Nxd4 20. exd4 c6 21. Bc3 Bg7 22. f5 gxf5 23. Qd3 b5 24. Bc2 Bc8 25. Bd2 a5 26. g4 f6 27. gxf5 fxe5 28. dxe5 Qh4 29. f6 Rf8 30. Rg3 Rf7 31. bxa5 Bf5 32. Qxf5 Qd4+ 33. Be3 Qxa1+ 34. Kg2 Qe1 35. Qxh7+ Kf8 36. fxg7+ Ke7 37. Bg5+ Kd7 38. e6+ Qxe6 39. Bd1 Qe4+ 40. Qxe4 dxe4 41. Bh6 Rg8 42. Bb3 Ke7 43. a6 c5 44. Bxf7 Kxf7 45. Be3 c4 46. h4 1-0